Вып. 116 : Прикладная логика; Вычислительные системы

Podrobná bibliografie
Parent link:Вычислительные системы: сборник научных трудов/ Академия наук СССР (АН СССР), Сибирское отделение (СО), Институт математики. Вып. 116 : Прикладная логика.— , 1964-2008
Další autoři: Ершов Ю. Л. (редактор), Гончаров С. С.
Jazyk:ruština
Vydáno: 1986
Témata:
Médium: MixedMaterials Kniha
KOHA link:https://koha.lib.tpu.ru/cgi-bin/koha/opac-detail.pl?biblionumber=272565

MARC

LEADER 00000nam2a2200000 4500
001 272565
005 20231101234539.0
035 |a (RuTPU)RU\TPU\book\295772 
090 |a 272565 
100 |a 20141020d1986 k y0rusy50 ca 
101 0 |a rus 
102 |a RU 
105 |a a z 001zy 
200 0 |a Вып. 116 : Прикладная логика  |f научн. ред. Ю. Л. Ершов, С. С. Гончаров 
210 |d 1986 
215 |a 165 с.  |c ил. 
320 |a Библиогр. в конце ст. 
461 1 |0 (RuTPU)RU\TPU\book\41273  |t Вычислительные системы  |o сборник научных трудов  |f Академия наук СССР (АН СССР), Сибирское отделение (СО), Институт математики  |v Вып. 116 : Прикладная логика  |d 1964-2008 
606 1 |a Математическая логика  |2 stltpush  |3 (RuTPU)RU\TPU\subj\41205  |9 61013 
610 1 |a локально-конечные алгебры 
610 1 |a семантика 
610 1 |a программы 
610 1 |a анализ 
610 1 |a теория списочных надстроек 
610 1 |a вычислимые функции 
610 1 |a принцип Маркова 
610 1 |a теория матричных данных 
675 |a 510.6  |v 3 
702 1 |a Ершов  |b Ю. Л.  |4 340 
702 1 |a Гончаров  |b С. С.  |4 340 
801 1 |a RU  |b 63413507  |c 20141020 
801 2 |a RU  |b 63413507  |c 20170207  |g RCR 
942 |c BK